Jehad: (Record no. 25841)

MARC details
000 -LEADER
fixed length control field 00672 a2200181 4500
010 ## - LCCN (DPL NO)
LC control number B-284497, B-231341
020 ## - INTERNATIONAL STANDARD BOOK NUMBER
International Standard Book Number 8170622883
Terms of availability 495.00
035 ## - SYSTEM CONTROL NUMBER
System control number B-284497, B-231334, B-231341,B-231336
037 ## - SOURCE OF ACQUISITION
Source of stock number/acquisition Pansy Books
082 ## - DEWEY DECIMAL CLASSIFICATION NUMBER
Classification number N
100 ## - MAIN ENTRY--PERSONAL NAME
Personal name Kundu, Subroto
245 ## - TITLE STATEMENT
Title Jehad:
Statement of responsibility, etc by Subroto Kundu
Remainder of title a novel /
260 ## - PUBLICATION, DISTRIBUTION, ETC. (IMPRINT)
Place of publication, distribution, etc New Delhi
Name of publisher, distributor, etc Lancer Publishers
Date of publication, distribution, etc 2002
270 ## - ADDRESS
Address 56, Gautam Nagar
City New Delhi
Postal code 110049
Electronic mail address lancer1@vsnl.com
300 ## - PHYSICAL DESCRIPTION
Extent 429p.
Dimensions 22cm (Hb)
942 ## - ADDED ENTRY ELEMENTS (KOHA)
Institution code [OBSOLETE] dpl
Item type English Books
Source of classification or shelving scheme Dewey Decimal Classification
Classification part N
Call number suffix KUN
Holdings
Withdrawn status Lost status Not for loan Collection code Home library Current library Date acquired Source of acquisition Cost, normal purchase price Full call number Barcode Copy number Cost, replacement price Koha item type Public note
  Lost and Paid For   Fiction R.C.Libraries (zls) R.C.Libraries (zls) 09/11/2018   395.00 N KUN B-231341 1 395.00 English Books R.No.2226/062, Date:-03/12/2019, Rs.-395.00
      Fiction Sarojini Nagar Sarojini Nagar 20/12/2018     N KUN B-231339     English Books  
      Fiction Shahdara Branch Shahdara Branch 28/07/2018 BPPD/PUB 0.00 N KUN B-231334   0.00 English Books  
      Fiction Vigyan Vihar Vigyan Vihar 05/03/2019 BPPD/PUB 395.00 N KUN B-231336   395.00 English Books  
      Fiction Vinoba Puri Vinoba Puri 22/04/2009 Pansy/782/5.8.08/184/21.7.08/13.8.08 495.00 N KUN B-284497 1 495.00 English Books  

© Delhi Public Library
Hit Counter
free hit counter